Départements Limitrophes Des Hauts-de-Seine - Statistiques

Statistiques générales
  • Ce quiz a été pris 71 fois
  • Le résultat moyen est 6 sur 6
Statistiques - réponses
Départements % Correct
Paris
100%
Yvelines
99%
Seine-Saint-Denis
97%
Val-de-Marne
97%
Essonne
96%
Val-d'Oise
96%
Aucun quiz correspondant
Distribution des résultats
% des personnes avec chaque résultat
Percentile par nombre de réponses
Votre historique - résultats
Vous n’avez pas pris ce quiz